Science Quiz

Random Science or Astronomy Quiz

Layers of the Atmosphere Quiz Stats

 Plays Quiz Updated Oct 17, 2020

Support Sporcle.
Go Orange.
Score 0/5 Timer 01:00
5 Plays Today
Approx. Extent Layer % Correct
Up to 31 milesStratosphere
87.9%
Earth's surface up to 4-12 milesTroposphere
58.9%
Up to 430 milesThermosphere
45.3%
Up to 53 milesMesosphere
44.6%
Up to 6,200 milesExosphere
36.4%

From the Vault

Sunday Crossword: What's Up, Doc?

by Propellerhead

How come nobody ever wants to know 'what's down?'
Remove Ads.
Support Sporcle.
Get the best of Sporcle when you Go Orange. This ad-free experience offers more features, more stats, and more fun while also helping to support Sporcle. Thank you for becoming a member.

Show Comments

Extras

Top Quizzes Today


Score Distribution

Your Account Isn't Verified!

In order to create a playlist on Sporcle, you need to verify the email address you used during registration. Go to your Sporcle Settings to finish the process.

Report this User

Report this user for behavior that violates our Community Guidelines.

Details: